Pompeyo Tejón, ejemplar jefe de estación / (Registro nro. 12530)

Detalles MARC
000 -LEADER
fixed length control field 00877nam a2200265 b 4500
001 - CONTROL NUMBER
control field
003 - CONTROL NUMBER IDENTIFIER
control field DO-SdBNP
005 - DATE AND TIME OF LATEST TRANSACTION
control field 20170120115323.0
008 - FIXED-LENGTH DATA ELEMENTS--GENERAL INFORMATION
fixed length control field 930323 1984 sp a spa d
017 ## - COPYRIGHT OR LEGAL DEPOSIT NUMBER
Copyright or legal deposit number
Assigning agency
020 ## - INTERNATIONAL STANDARD BOOK NUMBER
International Standard Book Number 8424133099
040 ## - CATALOGING SOURCE
Original cataloging agency BPMSU
Language of cataloging spa
Transcribing agency BPMSU
082 04 - DEWEY DECIMAL CLASSIFICATION NUMBER
Classification number xxxx
Item number xxxx
100 1# - MAIN ENTRY--PERSONAL NAME
Personal name Dalmais, Anne-Marie
Dates associated with a name 1942-
240 1# - UNIFORM TITLE
Uniform title <a href="Pompeo Tassoni, capostazione esemplare /">Pompeo Tassoni, capostazione esemplare /</a>
245 10 - TITLE STATEMENT
Title Pompeyo Tejón, ejemplar jefe de estación /
Medium
Statement of responsibility, etc. Anne-Marie Dalmais ; ilustraciones de Annie Bonhomme ;traducción Francisco Martínez García
260 ## - PUBLICATION, DISTRIBUTION, ETC. (IMPRINT)
Place of publication, distribution, etc. Madrid :
Name of publisher, distributor, etc. Everest,
Date of publication, distribution, etc. 1984.
300 ## - PHYSICAL DESCRIPTION
Extent 15 p.:
Other physical details il. ;
Dimensions 29 cm
490 ## - SERIES STATEMENT
Series statement Los cuentos de las horas
Volume/sequential designation hora 11
700 1# - ADDED ENTRY--PERSONAL NAME
Personal name Bonhomme, Annie
Relator term il.
700 1# - ADDED ENTRY--PERSONAL NAME
Personal name Martínez García, Francisco
Relator term trad.
830 ## - SERIES ADDED ENTRY--UNIFORM TITLE
Uniform title Los cuentos de las horas
Volume number/sequential designation hora 11
942 ## - ADDED ENTRY ELEMENTS (KOHA)
Source of classification or shelving scheme Dewey Decimal Classification
Koha item type Libros
956 ## - LOCAL ELECTRONIC LOCATION AND ACCESS (OCLC)
Host name YLOCKWARD
Access number 10
Compression information 20170119
Path BPMSU
Electronic name 00144
Existencias
Withdrawn status Lost status Source of classification or shelving scheme Damaged status Not for loan Collection code Home library Current library Date acquired Source of acquisition Total Checkouts Full call number Barcode Date last seen Price effective from Koha item type
    Dewey Decimal Classification     Colección Infantil General Biblioteca Pública Metropolitana Salomé Ureña Biblioteca Pública Metropolitana Salomé Ureña 01/20/2017 Donado por la Agencia de Cooperación Internacional del Japón   xxxx xxxx BPMSU17010748 01/20/2017 01/20/2017 Libros